00376nam a2200145Ia 4500003000400000008004100004040001600045082001500061100001900076245004700095260004900142300001000191650001900201650001000220GCL140319s9999 xx 000 0 eng d aGCL / cGCL04a635.7bB T1 aBUCBANAN, RITA10aTAYLOR'S GUIDE TO HERBS / cBUCBANAN, RITA a[S.N] : bHOUGHTON MIFFLIN COMPANY ، c1995 a453 P04aHERB GARDENING04aHERBS